000 00886nam a2200265Ia 4500
003 GCL
008 140319s9999 xx 000 0 ara d
040 _aGCL /
_cGCL
082 0 4 _a745
_bا ف
100 1 _aايمن سعدى محمد
245 1 0 _aالفنون الصناعية /
_cايمن سعدى محمد
250 _aالاولى
260 _aالاردن :
_bمكتبة المجتمع العربى للنشر والتوزيع ،
_c2004
300 _a223 ص ؛
_c32 سم
650 0 4 _aالفنون الصناعية
650 0 4 _aالزخرفة
650 0 4 _aالحرف اليدوية
650 0 4 _aالفنون التشكيلية
650 0 4 _aنحت الخشب
650 0 4 _aالتصوير الضوئى
650 0 4 _aالاخشاب - صناعة وتجارة
650 0 4 _aالاعمال الخشبية
650 0 4 _aالاخشاب - فنون
942 _2ddc
_cBK
999 _c7384
_d7384